| 000 | 00904cam a2200217 4500 | ||
|---|---|---|---|
| 001 | WB4014-18 | ||
| 008 | 040415n2004 000 0 eng u | ||
| 035 | _a(Sirsi) u125832 | ||
| 245 | _aNew regeneration database launched | ||
| 260 | _c2004 | ||
| 490 |
_aODPM News Release _v(2004/0094) 14 April 2004, (2) |
||
| 520 | _aKnown as Floor Targets Initiative, FTI is a web-based system for all those interested in Public Service Agreement Floor Targets. FTI contains data for all of England's local authorities with the focus on the 88 most disadvantaged areas that receive Neighbourhood Renewal Funds. For the ODPM News Release: http://www.odpm.gov.uk/pns/DisplayPN.cgi?pn_id=200 4_0094 | ||
| 590 | _aWB | ||
| 590 | _aWB | ||
| 650 | _aNEIGHBOURHOOD RENEWAL | ||
| 650 | _aDATABASE | ||
| 650 | _aLOCAL AUTHORITIES | ||
| 650 | _aPUBLIC SERVICE CONTRACTS | ||
| 690 | _aREGENERATION | ||
| 942 | _n0 | ||
| 999 |
_c117203 _d117203 |
||